[Event "Tatry Open"]
[Site "Tatranske Zruby SVK"]
[Date "2011.09.28"]
[Round "5.39"]
[White "Kolesar,Mil"]
[Black "Kopnicky,F"]
[Result "1-0"]
[WhiteElo "2175"]
[BlackElo "1964"]

1.Nf3 Nf6 2.c4 e6 3.Nc3 d5 4.d4 Be7 5.Bf4 c6 6.e3 O-O 7.h3 Qa5 8.Nd2 Bb4
9.Qc2 Nbd7 10.Be2 Re8 11.O-O e5 12.dxe5 Nxe5 13.Rac1 Nxc4 14.Nxc4 dxc4 15.Bxc4 Bf5
16.Qb3 Be6 17.Bxe6 fxe6 18.Ne2 Bd2 19.Rc2 Qb4 20.Nc1 Qxb3 21.Nxb3 Bb4 22.a3 Bf8
23.Na5 e5 24.Bg5 Rab8 25.Bxf6 gxf6 26.Rd1 Re7 27.Rcd2 Kf7 28.Rd8 Rxd8 29.Rxd8 Rc7
30.g4 Ke7 31.Ra8 b6 32.Rxa7 Kd7 33.Rxc7+ Kxc7 34.Nc4 b5 35.Nd2 Kd6 36.Kg2 Kd5
37.Kf3 c5 38.Ke2 e4 39.b3 c4 40.bxc4+ bxc4 41.Nb1 Ke5 42.Kd2 f5 43.gxf5 Kxf5
44.Kc3 Be7 45.Kxc4 Bh4 46.a4 Bxf2 47.Kd4 Bg3 48.Nd2 Be5+ 49.Kd5  1-0

[Event "12th Karpov Int"]
[Site "Poikovsky RUS"]
[Date "2011.10.06"]
[Round "3"]
[White "Bacrot,E"]
[Black "Jakovenko,D"]
[Result "1/2-1/2"]
[WhiteElo "2705"]
[BlackElo "2716"]

1.d4 Nf6 2.c4 e6 3.Nf3 d5 4.Nc3 Be7 5.Bf4 O-O 6.e3 Nbd7 7.a3 c5 8.cxd5 Nxd5
9.Nxd5 exd5 10.dxc5 Nxc5 11.Be2 Bf6 12.Be5 Bxe5 13.Nxe5 Be6 14.Nf3 Qb6 15.Qd4 Rac8
16.O-O Nb3 17.Qxb6 axb6 18.Rab1 Bf5 19.Rbd1 Rfd8 20.Nd4 Nxd4 21.Rxd4 Rc2
22.Bf3 Rxb2 23.Bxd5 Kf8 24.Rc1 Rb5 25.Bxb7 Rxd4 26.exd4 Rb3 27.f3  1/2-1/2

[Event "1st Qinhuangdao Open"]
[Site "Qinhuangdao CHN"]
[Date "2011.10.06"]
[Round "8"]
[White "Ding Liren"]
[Black "Zhou Jianchao"]
[Result "0-1"]
[WhiteElo "2659"]
[BlackElo "2628"]

1.Nf3 d5 2.d4 Nf6 3.c4 e6 4.Nc3 Be7 5.Bf4 O-O 6.Rc1 Nbd7 7.cxd5 exd5 8.e3 c6
9.h3 Nb6 10.Bd3 Bd6 11.Ne5 Qe7 12.Bg3 Nfd7 13.f4 f6 14.Ng4 h5 15.Kf2 hxg4
16.hxg4 f5 17.g5 Re8 18.e4 fxe4 19.Qh5 Nf8 20.g6 Nxg6 21.Qxg6 Be6 22.Nxe4 dxe4
23.Qxe4 Qf6 24.Kg1 Bg4  0-1

[Event "TCh-CZE Extraliga 2011-12"]
[Site "Czech Republic CZE"]
[Date "2011.10.08"]
[Round "1.2"]
[White "Cifka,S"]
[Black "Azarov,S"]
[Result "1/2-1/2"]
[WhiteElo "2409"]
[BlackElo "2648"]

1.d4 d5 2.c4 e6 3.Nf3 Nf6 4.Nc3 Be7 5.Bf4 O-O 6.e3 Nbd7 7.c5 Nh5 8.Bd3 Nxf4
9.exf4 b6 10.b4 a5 11.a3 c6 12.Qb1 axb4 13.axb4 Rxa1 14.Qxa1 bxc5 15.bxc5 f6
16.Qb1 Qa5 17.Qc2 Qa1+ 18.Nd1 Qa5+ 19.Nc3 Qa1+ 20.Nd1 Qa5+ 21.Nc3  1/2-1/2

[Event "II Oliver Gonzalez Memorial"]
[Site "Madrid ESP"]
[Date "2011.10.08"]
[Round "1.8"]
[White "Barria Zuniga,D"]
[Black "De Vega Fernandez,Francisco J."]
[Result "1-0"]
[WhiteElo "2443"]
[BlackElo "1829"]

1.d4 d5 2.c4 e6 3.Nf3 Be7 4.Nc3 Nf6 5.Bf4 O-O 6.e3 Nbd7 7.c5 c6 8.h3 b6 9.b4 a5
10.a3 Ba6 11.Bxa6 Rxa6 12.O-O Qc8 13.Qc2 Qb7 14.Rab1 axb4 15.axb4 b5 16.Nd2 Rfa8
17.Nb3 Bd8 18.f3 Bc7 19.Bxc7 Qxc7 20.f4 Ne4 21.Nxe4 Ra2 22.Qd3 dxe4 23.Qxe4 Nf6
24.Qe5 Qxe5 25.dxe5 Nd5 26.Rf2 Nxb4 27.Rxa2 Rxa2 28.Nd4 Ra4 29.Kf2 Kf8 30.Kf3 Ke8
31.g4 Kd7 32.Rd1 Kc7 33.f5 exf5 34.gxf5 g6 35.e6 fxe6 36.Nxe6+ Kb7 37.f6 Nd5
38.f7 Ra8 39.e4  1-0

[Event "TCh-SWE 2011-12"]
[Site "Malmo SWE"]
[Date "2011.10.08"]
[Round "2"]
[White "Agrest,E"]
[Black "Akesson,R"]
[Result "1/2-1/2"]
[WhiteElo "2599"]
[BlackElo "2421"]

1.d4 Nf6 2.c4 e6 3.Nf3 d5 4.Nc3 Be7 5.Bf4 O-O 6.Rc1 c5 7.dxc5 Nc6 8.e3 Bxc5
9.a3 Be7 10.h3 dxc4 11.Bxc4 Qxd1+ 12.Rxd1 a6 13.Bd3 b5 14.Ne4 Rd8 15.Nxf6+ Bxf6
16.Bg5 Bxg5 17.Nxg5 h6 18.Nf3 Bb7 19.Ke2 Kf8 20.Be4 Rac8 21.Rxd8+ Nxd8 22.Bb1 Ke7
23.Rd1 Nc6 24.e4 Rc7 25.Bd3 Nb8 26.Nd2 Nd7 27.f3 Nc5 28.Rc1 Kd8 29.Rc3 e5
30.Ke3 Ne6 31.Rxc7 Kxc7 32.g3 Nd4 33.f4 f6 34.f5 a5 35.Nf3  1/2-1/2

[Event "20th TCh-CRO 1a"]
[Site "Sibenik CRO"]
[Date "2011.10.08"]
[Round "5.5"]
[White "Navara,D"]
[Black "Bologan,V"]
[Result "1/2-1/2"]
[WhiteElo "2705"]
[BlackElo "2656"]

1.d4 d5 2.c4 e6 3.Nc3 Be7 4.Nf3 Nf6 5.Bf4 O-O 6.a3 b6 7.cxd5 Nxd5 8.Nxd5 exd5
9.e3 c5 10.Bd3 Nc6 11.h4 h6 12.Ne5 Nxe5 13.dxe5 Be6 14.Bb1 Qd7 15.Qc2 f5
16.exf6 Rxf6 17.Qh7+ Kf7 18.h5 Bf5 19.Bxf5 Qxf5 20.Qxf5 Rxf5 21.g4 Rf6 22.Rd1 Rd8
23.g5 Re6 24.gxh6 gxh6 25.Rh3 Bf6 26.Rf3 Kg8 27.Rg3+ Bg7 28.Kd2 Kh7 29.Rdg1 Rd7
30.Kc2 Rf6 31.Rg6 Rf5 32.Rh1 c4 33.a4 d4 34.Rc6 Rc5 35.Rxc5 bxc5 36.Rc1 Rb7
37.Kd1 Rb4 38.Bd6 dxe3 39.fxe3 Rxa4 40.Bxc5 Bxb2 41.Rb1 c3 42.Bd4 Ra5 43.Kc2 Rxh5
44.Rg1 Rh2+ 45.Kb3 h5 46.Bxa7 Rh4 47.Bd4 Rg4 48.Rxg4 hxg4 49.Be5 Kg6 50.e4 Kf7
51.Bg3 Ke6 52.Bf4 Kd7 53.e5 Ke6 54.Bh2 Kd5 55.Bg3 Ba1 56.Kc2 Ke6 57.Bh2 Bb2
58.Bg3 Kd5 59.Kb3 Ba1 60.Kc2  1/2-1/2

[Event "20th TCh-CRO w"]
[Site "Sibenik CRO"]
[Date "2011.10.08"]
[Round "6.2"]
[White "Medic,Mir"]
[Black "Videkovic,M"]
[Result "1-0"]
[WhiteElo "2251"]
[BlackElo "1907"]

1.d4 d5 2.c4 e6 3.Nc3 Nf6 4.Nf3 Be7 5.Bf4 c6 6.e3 O-O 7.h3 Nbd7 8.c5 b6 9.b4 a5
10.a3 Bb7 11.Bd3 b5 12.O-O a4 13.Rc1 Ba6 14.Qe2 Qc8 15.Bh2 Re8 16.e4 dxe4
17.Nxe4 Nxe4 18.Bxe4 Nf6 19.Bb1 Bf8 20.Ng5 g6 21.Qf3 Bg7 22.Be5 Qd8 23.Rfe1 h6
24.Ne4 Nd5 25.Qg4 Rf8 26.Rcd1 Qe8 27.Ba2 Qd8 28.h4 Bb7 29.Nd6 Ba6 30.Bxg7 Kxg7
31.Bb1 Qf6 32.Ne4 Qf4 33.Qh3 Bc8 34.Nd6 Ba6 35.Re4 Qf6 36.Qg3 Rad8 37.Rd3 Ra8
38.Rf3 Qd8 39.Rxe6  1-0

[Event "FSGM Oct"]
[Site "Budapest HUN"]
[Date "2011.10.09"]
[Round "9"]
[White "Arnold,Mar"]
[Black "Kislik,E"]
[Result "1/2-1/2"]
[WhiteElo "2505"]
[BlackElo "2320"]

1.d4 d5 2.c4 e6 3.Nc3 Nf6 4.Nf3 Be7 5.Bf4 O-O 6.e3 Nbd7 7.Qc2 c5 8.dxc5 Nxc5
9.Be2 dxc4 10.Bxc4 a6 11.Rd1 Qe8 12.b4 Ncd7 13.b5 Nb6 14.Bd3 Bb4 15.e4 Bd7
16.Qb3 Bxc3+ 17.Qxc3 Bxb5 18.Bd6 Qc8 19.Qd4 Rd8 20.Bxb5 axb5 21.Qxb6 Ra6
22.Qc5 Qxc5 23.Bxc5 Rxd1+ 24.Kxd1 Nxe4 25.Bd4 Rxa2 26.Kc1 Nxf2 27.Kb1 Nxh1
28.Kxa2 f6 29.Kb3 e5 30.Bc5 g5 31.g3 Kf7 32.Kc2 g4 33.Nd2 f5 34.Kd3 h5 35.Ke2 f4
36.gxf4 exf4 37.Kf1 g3 38.Kg2 Nf2 39.Bxf2 gxf2 40.Kxf2 Kf6 41.Ne4+ Kf5 42.Kf3 b4
43.Nf2 b3 44.Nd3 Kg5 45.Nb2 b5 46.Nd3 Kh4 47.Kxf4 Kh3 48.Kf3 Kxh2 49.Kf2 Kh3
50.Kf3 Kh2  1/2-1/2

[Event "TCh-CZE Extraliga 2011-12"]
[Site "Czech Republic CZE"]
[Date "2011.10.09"]
[Round "2.5"]
[White "Likavsky,T"]
[Black "Rojicek,V"]
[Result "1/2-1/2"]
[WhiteElo "2486"]
[BlackElo "2406"]

1.Nf3 d5 2.d4 Nf6 3.c4 e6 4.Nc3 Be7 5.Bf4 O-O 6.e3 c5 7.dxc5 Bxc5 8.cxd5 Nxd5
9.Nxd5 exd5 10.a3 Nc6 11.Bd3 Bb6 12.O-O Bg4 13.h3 Bh5 14.b4 a6 15.Rc1 Qf6
16.g4 Bg6 17.Bxg6 Qxg6 18.Qxd5 Rad8 19.Qc4 h5 20.Nh4 Qd3 21.gxh5 Qxa3 22.h6 Qxb4
23.hxg7 Rfe8 24.Nf5 Qxc4 25.Rxc4 Rd5 26.e4 Rd7 27.Rb1 Bd4 28.Kh2 Ne5 29.Rcb4 b5
30.Rd1 Bc3 31.Rbb1 Rxd1 32.Rxd1 Ng6 33.Bg3 Bxg7  1/2-1/2

[Event "Your Next Move Blitz"]
[Site "Leuven BEL"]
[Date "2011.10.09"]
[Round "3"]
[White "Kasparov,G"]
[Black "Short,N"]
[Result "1/2-1/2"]
[WhiteElo "2812"]
[BlackElo "2698"]

1.Nf3 Nf6 2.c4 e6 3.Nc3 d5 4.d4 Be7 5.Bf4 O-O 6.e3 b6 7.Bd3 dxc4 8.Bxc4 Bb7
9.O-O Nbd7 10.Qe2 Bd6 11.Bg5 h6 12.Bh4 a6 13.Rfd1 b5 14.Bb3 Qe7 15.e4 b4
16.e5 bxc3 17.exd6 cxd6 18.bxc3 Rfc8 19.c4 Qf8 20.Rac1 Nh5 21.Qe3 Ndf6 22.Ne1 g5
23.Bg3 a5 24.a3 Rab8 25.Ba2 Be4 26.Qc3 Qd8 27.Nc2 Bg6 28.f3 Nd5 29.Qd2 Ndf4
30.Ne3 Qb6 31.Bf2 Nd3 32.Rc3 Nxf2 33.Kxf2 Nf4 34.g3 Nh5 35.Ng4 Kh7 36.h4 Qb2
37.hxg5 hxg5 38.Re3 Kg7 39.Re2 Qxd2 40.Rdxd2 f5 41.Nh2 Bf7 42.Nf1 Kf6 43.Ne3 Nxg3
44.Kxg3 f4+ 45.Kf2 fxe3+ 46.Kxe3 Rb6 47.Rc2 e5 48.dxe5+ dxe5 49.c5 Rbc6 50.Bxf7 Kxf7
51.Ke4 Ke6 52.Rh2 Rxc5 53.Rh6+ Ke7 54.Rxc5 Rxc5 55.Ra6 Kf7 56.Kf5 Rc3 57.Rxa5 Rxf3+
58.Ke4  1/2-1/2

[Event "II Oliver Gonzalez Memorial"]
[Site "Madrid ESP"]
[Date "2011.10.09"]
[Round "2.39"]
[White "Pogorelov,R"]
[Black "Fernandez Aransay,F"]
[Result "1-0"]
[WhiteElo "2401"]
[BlackElo "1886"]

1.Nf3 d5 2.d4 Nf6 3.c4 e6 4.Nc3 Be7 5.Bf4 c6 6.e3 O-O 7.h3 Bd6 8.Bxd6 Qxd6
9.cxd5 exd5 10.Bd3 Re8 11.Qc2 b6 12.Rc1 Ba6 13.Bxa6 Nxa6 14.O-O Nb4 15.Qe2 c5
16.a3 Nc6 17.dxc5 bxc5 18.Rfd1 Rac8 19.Na4 Ne4 20.Nd2 Nxd2 21.Qxd2 Ne7 22.Qa5 Qb8
23.Rxc5 Rxc5 24.Qxc5 Qb3 25.Rd4 h5 26.Qb4 Qc2 27.Qd2 Qc6 28.Nc3 Nf5 29.Rxd5 Qg6
30.Qd3 Nh4 31.Qxg6 Nxg6 32.Rxh5  1-0

[Event "Indonesia Open"]
[Site "Jakarta INA"]
[Date "2011.10.14"]
[Round "3.14"]
[White "Fier,A"]
[Black "Pitra,Andika"]
[Result "1-0"]
[WhiteElo "2583"]
[BlackElo "2307"]

1.d4 Nf6 2.c4 e6 3.Nf3 d5 4.Nc3 Be7 5.Bf4 O-O 6.e3 c5 7.dxc5 Bxc5 8.Qc2 Nc6
9.a3 Qa5 10.Rd1 Be7 11.Be2 dxc4 12.Bxc4 e5 13.Bg3 Bg4 14.O-O Rad8 15.Rxd8 Rxd8
16.Ng5 Bh5 17.Qb3 Nd5 18.Nxd5 Bxg5 19.h4 Ne7 20.hxg5 Nxd5 21.Qxb7 Nb6 22.Ba2 Qb5
23.Rb1 Bg6 24.e4 Qe2 25.Bb3 Qb5 26.Rd1 Re8 27.Bd5 Qe2 28.Rf1 Nxd5 29.exd5 Be4
30.f3 Bg6 31.Re1 Qd2 32.Rxe5 Rf8 33.Qxa7 Qxb2 34.d6 Qc1+ 35.Kh2 Qd2 36.Qc5 f6
37.Rd5 Qa2 38.d7  1-0

[Event "III Tancat IM"]
[Site "Barcelona ESP"]
[Date "2011.10.15"]
[Round "3"]
[White "Gonzalez Rodriguez,JA"]
[Black "Ryan,Jo"]
[Result "1/2-1/2"]
[WhiteElo "2436"]
[BlackElo "2288"]

1.c4 Nf6 2.Nc3 d5 3.d4 e6 4.Nf3 Be7 5.Bf4 O-O 6.e3 Nbd7 7.h3 c5 8.cxd5 Nxd5
9.Nxd5 exd5 10.dxc5 Nxc5 11.Be5 Bf6 12.Bxf6 Qxf6 13.Qd4 Qxd4 14.Nxd4 Ne6
15.O-O-O Nxd4 16.Rxd4 Be6 17.Be2 Rac8+ 18.Kd2 Rfd8 19.Bd3 Rd7 20.Bc2 Rdc7
21.Bb3 g6 22.Rd1 Rc5 23.Ke2 Rb5 24.R1d3 Rc1 25.Rd2 Rb1 26.Rc2 Bf5 27.Rcd2 Be6
28.Kf3 Kg7 29.Kf4 Kf6 30.h4 h6 31.f3 Rc5 32.e4 g5+ 33.hxg5+ hxg5+ 34.Kg3 dxe4
35.Bxe6 fxe6 36.Rxe4 Rd5 37.Rde2 e5 38.Rb4 b6 39.Rc4 Rbd1 40.Rc7 Rd7 41.Rec2 Rxc7
42.Rxc7 Rd2 43.Rxa7 Rxb2 44.Kh3 g4+ 45.fxg4 e4 46.Ra8 e3 47.Re8 e2 48.a4 Kg5
49.Kg3 Rb3+ 50.Kf2 Kxg4 51.Re4+ Kf5 52.Rxe2 b5 53.axb5 Rxb5 54.Kg3 Kg5 55.Kh3 Rb4
56.Re5+ Kg6 57.g3 Rd4 58.Re8 Kg5 59.Rg8+ Kh5 60.g4+ Kh6 61.Kh4 Rd1  1/2-1/2

[Event "Chigorin Memorial Open"]
[Site "St Petersburg RUS"]
[Date "2011.10.15"]
[Round "2.76"]
[White "Tunik,G"]
[Black "Sokolova,V"]
[Result "1-0"]
[WhiteElo "2412"]
[BlackElo "2052"]

1.d4 d5 2.c4 e6 3.Nf3 Nf6 4.Nc3 Be7 5.Bf4 O-O 6.e3 Nh5 7.Be5 c6 8.h3 Nd7
9.Bh2 f5 10.g4 Nhf6 11.gxf5 exf5 12.cxd5 Nxd5 13.Qb3 Nf6 14.O-O-O Ne4 15.Nxe4 fxe4
16.Nd2 Rxf2 17.Nxe4 Rf3 18.Re1 Be6 19.Nd2 Rf7 20.e4 Nf4 21.Bc4 Bxc4 22.Qxc4 Nh5
23.Nf3 b5 24.Qb3 Kf8 25.Ne5 Bg5+ 26.Kb1 Rf6 27.Rhf1 Qe8 28.Ng4 Rf7 29.Bd6+ Be7
30.Ne5 Rf6 31.Qe6 Rd8 32.Rxf6+ Nxf6 33.Bxe7+ Qxe7 34.Qxe7+ Kxe7 35.Nxc6+  1-0

[Event "TCh-ROU Superliga 2011"]
[Site "Brasov ROU"]
[Date "2011.10.16"]
[Round "9.1"]
[White "Svetushkin,D"]
[Black "Genov,Peta"]
[Result "1/2-1/2"]
[WhiteElo "2594"]
[BlackElo "2447"]

1.d4 Nf6 2.c4 e6 3.Nf3 d5 4.Nc3 Be7 5.Bf4 O-O 6.e3 Nbd7 7.a3 c6 8.Bd3 dxc4
9.Bxc4 Nb6 10.Bd3 Nbd5 11.Be5 Nxc3 12.bxc3 c5 13.O-O b6 14.dxc5 Bb7 15.cxb6 axb6
16.a4 Nd7 17.Bg3 Nc5 18.Bb5 Qc8 19.Nd2 Rd8 20.Qc2 Bf6 21.Rad1 Bc6 22.Nc4 Nxa4
23.Rxd8+ Bxd8 24.Nd6 Qd7 25.c4 Bxb5 26.cxb5 Nc5 27.Rd1 h6 28.Be5 Qe7 29.Ne4 Bc7
30.Bb2  1/2-1/2

[Event "Indonesia Open"]
[Site "Jakarta INA"]
[Date "2011.10.16"]
[Round "5.21"]
[White "Sitanggang,S"]
[Black "Marentek,H"]
[Result "1/2-1/2"]
[WhiteElo "2376"]
[BlackElo "2227"]

1.d4 d5 2.Nf3 Nf6 3.c4 e6 4.Nc3 Be7 5.Bf4 O-O 6.e3 c5 7.dxc5 Bxc5 8.cxd5 Nxd5
9.Nxd5 exd5 10.a3 Nc6 11.Bd3 Be7 12.O-O Be6 13.b4 Rc8 14.Rc1 Bf6 15.h3 g6
16.Qe2 Qe7 17.Rfd1 a5 18.Bh6 Rfd8 19.bxa5 Nxa5 20.Rxc8 Rxc8 21.a4 Qa3 22.Bb5 Rc1
23.Kh2 Rxd1 24.Qxd1 Qb2 25.Kg1 Nb3 26.Ne1 Nc5 27.Qc2 Qc3 28.Qxc3 Bxc3 29.Nd3 Nxd3
30.Bxd3 Bd7 31.Bc2 b5 32.axb5 Bxb5 33.Bf4 f6 34.Bd6 Kf7 35.Bc5 Bc4 36.h4 h5
37.g3 Be5 38.Bd1 Bb5  1/2-1/2

[Event "Schachbundesliga 2011-12"]
[Site "Muelheim GER"]
[Date "2011.10.16"]
[Round "3"]
[White "Gyimesi,Z"]
[Black "Goloshchapov,A"]
[Result "1/2-1/2"]
[WhiteElo "2646"]
[BlackElo "2580"]

1.d4 d5 2.c4 e6 3.Nf3 Nf6 4.Nc3 Be7 5.Bf4 O-O 6.e3 Nbd7 7.a3 c5 8.cxd5 Nxd5
9.Nxd5 exd5 10.dxc5 Nxc5 11.Be5 Bg4 12.Be2 Bxf3 13.Bxf3 Bf6 14.Bxf6 Qxf6
15.O-O Qxb2 16.Qxd5 Rac8 17.Rfd1 Qf6 18.Rac1 b6 19.Qc4 g6 20.h4 h5 21.Rd5  1/2-1/2

[Event "Schachbundesliga 2011-12"]
[Site "Muelheim GER"]
[Date "2011.10.16"]
[Round "3"]
[White "Gajewski,G"]
[Black "Steingrimsson,H"]
[Result "1-0"]
[WhiteElo "2607"]
[BlackElo "2562"]

1.d4 d5 2.c4 e6 3.Nf3 Nf6 4.Nc3 Be7 5.Bf4 O-O 6.e3 Nbd7 7.cxd5 Nxd5 8.Nxd5 exd5
9.Bd3 Bb4+ 10.Ke2 Nf6 11.Qc2 c6 12.h3 Re8 13.Rhd1 a5 14.Kf1 Ne4 15.Ne5 f6
16.Ng4 h5 17.f3 hxg4 18.fxe4 gxh3 19.exd5 cxd5 20.Bg6 Re7 21.Qe2 Be6 22.Qh5 Qd7
23.Kf2 Bd6 24.Rh1 Bxf4 25.exf4 Qa4 26.Rad1 Kf8 27.Rxh3 Bg8 28.Qf3 Qxa2 29.Rh8 Qxb2+
30.Kf1 Re4 31.Bh7 Kf7 32.Bxe4 dxe4 33.Qxe4 Qb5+ 34.Kg1 Re8 35.Qf3 a4 36.Rc1 Qd7
37.d5 b5 38.Qh5+ Kf8 39.d6 Qe6 40.Rc7 a3 41.Qg6 Qe3+ 42.Kh1 Qc1+ 43.Rxc1  1-0

[Event "Chigorin Memorial Open"]
[Site "St Petersburg RUS"]
[Date "2011.10.16"]
[Round "3"]
[White "Rychagov,A"]
[Black "Azarov,S"]
[Result "1/2-1/2"]
[WhiteElo "2556"]
[BlackElo "2648"]

1.d4 d5 2.c4 e6 3.Nf3 Nf6 4.Nc3 Be7 5.Bf4 O-O 6.e3 Nbd7 7.Qc2 c5 8.dxc5 Nxc5
9.Be2 dxc4 10.Bxc4 a6 11.a4 b6 12.O-O Bb7 13.Rfd1 Qc8 14.Ne5 Ncd7 15.Nxd7 Nxd7
16.Be2 Rd8 17.Rac1 Nf6 18.Rxd8+ Qxd8 19.Qb3 Nd5 20.Nxd5 Bxd5 21.Qc3 Qe8 22.Be5 f6
23.Bd4 Qxa4 24.Bxb6 Qb4 25.Ba5 Qxc3 26.Rxc3 f5 27.b4 Rb8 28.Bxa6 Bxb4 29.Bxb4 Rxb4
30.Rc1 Kf7 31.Bf1 g5 32.h3 h5 33.Be2 h4 34.Bf3 Bxf3 35.gxf3 Kf6 36.Kg2 Ra4
37.Rb1 Rc4 38.Ra1 Rb4 39.Rc1 Ra4 40.Rb1 Rc4  1/2-1/2

[Event "37th Guernsey Open"]
[Site "Guernsey GCI"]
[Date "2011.10.17"]
[Round "2"]
[White "Pert,N"]
[Black "Wismayer,C"]
[Result "1-0"]
[WhiteElo "2557"]
[BlackElo "2114"]

1.d4 e6 2.c4 d5 3.Nf3 Nf6 4.Nc3 Be7 5.Bf4 O-O 6.e3 Nbd7 7.Qc2 c5 8.O-O-O cxd4
9.Rxd4 dxc4 10.Ne5 Qa5 11.Nxc4 Qc5 12.Nd2 Nb6 13.Nb3 Qh5 14.Be2 Qg6 15.Qxg6 hxg6
16.e4 Bd7 17.f3 Rac8 18.Kb1 Nh5 19.Be3 e5 20.Rdd1 Bc6 21.g3 Nf6 22.Na5 Bb4
23.Nxc6 Rxc6 24.Rc1 Bc5 25.Bxc5 Rxc5 26.Nb5 Rxc1+ 27.Rxc1 Nc8 28.Rc7 a6 29.Na3 Nd6
30.Nc4 Nxc4 31.Bxc4 b5 32.Bb3 Rd8 33.Rxf7 Kh7 34.Kc2 g5 35.g4 Rd7 36.Rf8 Rc7+
37.Kd2 Rc5 38.Ra8 Rc6 39.Ra7 Kh6 40.Ke3 Kg6 41.Re7 Rc5 42.Bf7+ Kh6 43.b4 Rc3+
44.Kf2 Rc1 45.Rxe5 Rb1 46.h4  1-0

[Event "Indonesia Open"]
[Site "Jakarta INA"]
[Date "2011.10.17"]
[Round "7.4"]
[White "Fier,A"]
[Black "Ganguly,S"]
[Result "0-1"]
[WhiteElo "2583"]
[BlackElo "2631"]

1.d4 Nf6 2.c4 e6 3.Nf3 d5 4.Nc3 Be7 5.Bf4 O-O 6.e3 Nbd7 7.c5 Nh5 8.Bd3 Nxf4
9.exf4 b6 10.b4 a5 11.a3 c6 12.O-O Qc7 13.g3 Ba6 14.Bxa6 Rxa6 15.Qe2 Ra7
16.f5 e5 17.dxe5 bxc5 18.bxc5 Re8 19.Qc2 Bxc5 20.Na4 Bf8 21.e6 fxe6 22.fxe6 Rxe6
23.Ng5 Rg6 24.h4 Ne5 25.f4 Nf7 26.Kg2 Nxg5 27.fxg5 Re6 28.Rxf8+ Kxf8 29.Nc5 Re8
30.Qxh7 Re2+ 31.Kh1 Qf7  0-1

[Event "Chigorin Memorial Open"]
[Site "St Petersburg RUS"]
[Date "2011.10.17"]
[Round "4.27"]
[White "Papin,V"]
[Black "Karasev,Vl"]
[Result "1/2-1/2"]
[WhiteElo "2583"]
[BlackElo "2372"]

1.d4 d5 2.Nf3 Nf6 3.c4 e6 4.Nc3 Be7 5.Bf4 O-O 6.a3 c5 7.dxc5 Bxc5 8.e3 Nc6
9.Qc2 Qe7 10.Rd1 Rd8 11.Be2 d4 12.exd4 Nxd4 13.Nxd4 Rxd4 14.Rxd4 Bxd4 15.Nb5 e5
16.Nxd4 exd4 17.O-O Bf5 18.Bd3 Bxd3 19.Qxd3 Rd8 20.Rd1 a5 21.h3 a4 22.Kf1 Qe4
23.Bc7 Rd7 24.Qxe4 Nxe4 25.Bb6 d3 26.f3 Ng5 27.Be3 Ne6 28.Ke1 Rc7 29.Rxd3 Rxc4
30.Kd2 Kf8 31.Rc3 Rc7 32.Rxc7 Nxc7 33.Kd3 Ke7 34.Kc4 Kd7 35.Kc5 b6+ 36.Kd4 Kc6
37.Ke5 b5 38.h4 f6+ 39.Ke4 Nd5 40.Bd4 Kd6 41.g4 b4 42.f4 bxa3 43.bxa3 Nc7
44.g5 Nb5 45.gxf6 gxf6 46.Bb2 Ke6 47.f5+ Ke7 48.h5 Nd6+ 49.Kf4 Kf7 50.Bc3 Kg7
51.Bb4 Nb5 52.Kg4 Nd4 53.h6+ Kf7 54.Kf4 Ke8 55.Ke4 Nc6 56.Bd6 Kd7 57.Bf4 Ne7
58.Bd2 Kc6 59.Bb4 Nc8 60.Bf8 Nb6 61.Kd4 Nd5 62.Ke4 Nc3+ 63.Kd3 Nd5 64.Kd4 Nc7
65.Kc4 Nd5 66.Bc5 Nc3 67.Bd4 Nb5 68.Bc5 Nc3 69.Bd4 Ne4 70.Kb4 Nd6 71.Bxf6 Nxf5
72.Bg5 Nd4 73.Kxa4 Nb5 74.Kb4 Nxa3 75.Kxa3 Kd7 76.Kb4 Ke6 77.Kc5 Kf7 78.Kd6 Kg6
79.Bd2 Kf7 80.Kd7 Kf8 81.Ke6 Kg8 82.Ke7 Kh8 83.Bc3+ Kg8 84.Kf6 Kf8 85.Bd2 Kg8
86.Ke7 Kh8 87.Ke8 Kg8 88.Bg5 Kh8 89.Bf6+ Kg8 90.Bh8 Kxh8 91.Kf8  1/2-1/2

[Event "Chigorin Memorial Open"]
[Site "St Petersburg RUS"]
[Date "2011.10.18"]
[Round "5.23"]
[White "Malakhatko,V"]
[Black "Tilicheev,V"]
[Result "1-0"]
[WhiteElo "2543"]
[BlackElo "2389"]

1.d4 Nf6 2.c4 e6 3.Nf3 d5 4.Nc3 Be7 5.Bf4 O-O 6.e3 b6 7.Rc1 Ba6 8.Qa4 dxc4
9.Bxc4 Bxc4 10.Qxc4 Bd6 11.Bg5 h6 12.Bh4 Nbd7 13.Qc6 Rc8 14.Ne4 g5 15.Nxf6+ Nxf6
16.Bg3 Bb4+ 17.Ke2 Qd5 18.Be5 Ne4 19.Qxd5 exd5 20.Rc6 f6 21.Bg3 Bd6 22.Bxd6 Nxd6
23.Rhc1 Ne8 24.Nd2 Rf7 25.Nf1 Rd7 26.g4 Rd6 27.Ng3 Rd7 28.Nf5 Rh7 29.h4 gxh4
30.Rh1 Kf7 31.Rxh4 Kg6 32.Rh5 Rd8 33.Nh4+ Kf7 34.Ng2 Rd6 35.Rxd6 Nxd6 36.Rxd5 Rg7
37.Kf3 Rg5 38.Nf4 Rxd5 39.Nxd5 c5 40.dxc5 bxc5 41.Nf4 c4 42.e4 Nb5 43.Ne2 Kg6
44.Kg3 Nd6 45.f3 Kg5 46.Nd4 h5 47.gxh5 Kxh5 48.Kf4 Kg6 49.e5 Nb7 50.e6 Nc5
51.Ke3 Na4 52.b3 cxb3 53.axb3 Nc5 54.b4 Na6 55.b5 Nc5 56.e7 Kf7 57.Nc6 Ne6
58.Kd3 Ng5 59.f4 Ne6 60.f5 Ng7 61.Ke4 Ke8 62.Kd5 Kd7 63.Nxa7 Kxe7 64.Nc6+ Kd7
65.Nd4 Ne8 66.Ne6 Nd6 67.Nc5+ Ke7 68.b6 Nxf5 69.b7 Ne3+ 70.Ke4  1-0

[Event "Chigorin Memorial Open"]
[Site "St Petersburg RUS"]
[Date "2011.10.19"]
[Round "6.94"]
[White "Shaidullina,S"]
[Black "Dushin,N"]
[Result "1-0"]
[WhiteElo "2191"]
[BlackElo "1993"]

1.d4 d5 2.Nf3 e6 3.c4 Nf6 4.Nc3 Be7 5.Bf4 O-O 6.h3 c6 7.e3 dxc4 8.Bxc4 b5
9.Bd3 Bb7 10.O-O Nbd7 11.Rc1 a6 12.a4 Rc8 13.Qb3 Qb6 14.Nd2 Nd5 15.Nxd5 exd5
16.axb5 axb5 17.Bf5 Rcd8 18.Ra1 Nf6 19.Rfc1 Ra8 20.Qc2 g6 21.Bd3 Nd7 22.Nb3 Rxa1
23.Rxa1 Ra8 24.Rc1 Ra2 25.Qb1 Ra4 26.Qc2 Ra2 27.Qe2 Qd8 28.Rc2 Kg7 29.e4 b4
30.exd5 cxd5 31.Rc7 Bc8 32.Rxc8 Qxc8 33.Qxe7 Rxb2 34.Nc5 Nxc5 35.Be5+  1-0

[Event "1st Central Asia Cup"]
[Site "Tashkent UZB"]
[Date "2011.10.19"]
[Round "2.16"]
[White "Gubaydulin,T"]
[Black "Primbetov,K"]
[Result "1-0"]
[WhiteElo "2299"]
[BlackElo "2214"]

1.d4 e6 2.c4 d5 3.Nc3 Be7 4.Nf3 Nf6 5.Bf4 O-O 6.e3 b6 7.a3 c5 8.cxd5 exd5
9.Be2 Be6 10.O-O Nh5 11.Bxb8 Qxb8 12.dxc5 Bxc5 13.b4 Bd6 14.Nxd5 Rd8 15.Bc4 Qb7
16.e4 Rac8 17.Rc1 Nf4 18.Qd2 Qb8 19.g3 b5 20.Bb3 Bg4 21.Nd4 Ng6 22.Nc6 Rxc6
23.Rxc6 Ne5 24.Rc3 Nf3+ 25.Rxf3 Bxf3 26.Qg5 Be2 27.Re1 Bc4 28.Bxc4 bxc4 29.Rc1 Rc8
30.e5 Bf8 31.Qf5 Re8 32.f4 Qb5 33.e6 Qb7 34.exf7+ Qxf7 35.Qxf7+ Kxf7 36.Rxc4 Re2
37.Rc6 a5 38.bxa5 Bxa3 39.a6 Ra2 40.Nc3 Ra1+ 41.Kg2  1-0

[Event "49th ch-IND NatA"]
[Site "Aurangabad IND"]
[Date "2011.10.21"]
[Round "13"]
[White "Gupta,Ab"]
[Black "Negi,P"]
[Result "1/2-1/2"]
[WhiteElo "2625"]
[BlackElo "2631"]

1.d4 d5 2.c4 e6 3.Nc3 Be7 4.Nf3 Nf6 5.Bf4 O-O 6.e3 c5 7.dxc5 Bxc5 8.Qc2 Nc6
9.Rd1 Qa5 10.Be2 Bb4 11.O-O Bxc3 12.bxc3 dxc4 13.Bxc4 b6 14.Bd6 Re8 15.e4 h6
16.e5 Nd5 17.Qe4 Ba6 18.Bxd5 exd5 19.Rxd5 Qxa2 20.Rfd1 Qc4 21.Qe3 Rac8 22.h3 Nd8
23.Bb4 Qe2 24.Qf4 Ne6 25.Qf5 Bb7 26.R1d2 Qc4 27.Rd7 Nc7 28.R2d4 Qe6 29.Qxe6 Rxe6
30.Rf4 Bc6 31.Rdxf7 Ree8 32.Nd4 Nd5 33.R4f5 g6 34.R5f6 Nxf6 35.Rxf6 Be4 36.e6 a5
37.Bd6 Kg7 38.Rf7+ Kg8 39.Be5 Bf5 40.Rg7+ Kf8 41.Rf7+ Kg8  1/2-1/2

[Event "TCh-NED Meesterklasse 2011-12"]
[Site "Netherlands NED"]
[Date "2011.10.22"]
[Round "3.6"]
[White "Miedema,D"]
[Black "Sielecki,C"]
[Result "1/2-1/2"]
[WhiteElo "2393"]
[BlackElo "2391"]

1.d4 Nf6 2.c4 e6 3.Nf3 d5 4.Nc3 Be7 5.Bf4 O-O 6.e3 Nbd7 7.c5 Nh5 8.Bg3 c6
9.Bd3 b6 10.Ne5 Nxe5 11.Bxe5 Nf6 12.b4 a5 13.a3 Nd7 14.Bg3 Ba6 15.b5 Bb7
16.bxc6 Bxc6 17.cxb6 Nxb6 18.O-O Bd6 19.Bxd6 Qxd6 20.Bxh7+ Kxh7 21.Qb1+ g6
22.Qxb6 Rfb8 23.Qc5 Qxc5 24.dxc5 a4 25.Na2 Rb3 26.Nb4 Rc8 27.Rfc1 Kg7 28.Kf1 Bb5+
29.Ke1 Rb2 30.Ra2 Rxa2 31.Nxa2 Bc4 32.Nc3 Rxc5 33.Nxa4 Ra5 34.Nb2 Rxa3 35.Nxc4 dxc4
36.Rxc4 f5 37.Ke2 Ra2+ 38.Kf3 Kf6 39.g4 fxg4+ 40.Rxg4 g5 41.Rc4 Ra8 42.Kg3 Ra1
43.Rc8 Rg1+ 44.Kf3 g4+ 45.Ke2 Rh1 46.Rh8 Kf5 47.Rh6 Ke5 48.Rh4 Kf5 49.Rh7 Kg6
50.Rh8 Kf5 51.f3 gxf3+ 52.Kxf3 Rf1+ 53.Ke2 Ra1 54.Rf8+ Ke5 55.Rf2 Ra8 56.h3 Ra1
57.Rf4 Rh1 58.Rh4 Ra1 59.Kf2 Kd5 60.Kg3 Rg1+ 61.Kf2 Rh1 62.Kg2 Re1 63.Kf3 Rf1+
64.Kg3 Rg1+ 65.Kf4 Rf1+ 66.Kg5 Rf3 67.Rd4+ Ke5 68.h4 Rxe3 69.Rg4 Ra3 70.h5 Ra8
71.h6 Rg8+ 72.Kh5 Rh8 73.Kg6 Rg8+ 74.Kh5 Rh8 75.Ra4 Kf5 76.Ra7 e5 77.h7 e4
78.Rf7+ Ke5 79.Kg5 e3  1/2-1/2

[Event "Chigorin Memorial Open"]
[Site "St Petersburg RUS"]
[Date "2011.10.22"]
[Round "9.50"]
[White "Pavlov,Aleks"]
[Black "Bellia,F"]
[Result "1-0"]
[WhiteElo "2303"]
[BlackElo "2420"]

1.d4 d5 2.c4 e6 3.Nc3 Nf6 4.Nf3 Be7 5.Bf4 O-O 6.e3 Nbd7 7.Qc2 c5 8.cxd5 Nxd5
9.Nxd5 exd5 10.Bd3 Nf6 11.dxc5 Qa5+ 12.Ke2 Bg4 13.a3 Qxc5 14.Qxc5 Bxc5 15.Rac1 Rac8
16.h3 Bd7 17.Be5 Be7 18.Bd4 a6 19.Ne5 Be6 20.Bb1 Ne4 21.Nd3 Bd7 22.Nf4 Bc6
23.Bd3 Rfe8 24.Rhg1 g6 25.Rc2 Bd6 26.g3 Bxf4 27.gxf4 Bd7 28.Rxc8 Rxc8 29.h4 Bb5
30.Bxb5 axb5 31.f3 Nd6 32.h5 Nf5 33.Kd3 Nxd4 34.Kxd4 Rc2 35.f5 Kg7 36.Ke5 Re2
37.Kf4 Kf6 38.fxg6 fxg6 39.hxg6 hxg6 40.Rg5 Rd2 41.e4 Rxb2 42.Rxd5 Ke6 43.Rg5 Kf6
44.Rc5 Rb3 45.Rc7 Rxa3 46.Rxb7 Ra1 47.Rb6+ Kf7 48.Ke5 g5 49.Kf5 Rg1 50.Rb7+ Ke8
51.Ke6 Kd8 52.Rb8+ Kc7 53.Rxb5 g4 54.Rc5+ Kd8 55.Rg5 g3 56.Rg8+ Kc7 57.Ke5 g2
58.Kf4 Kd6 59.Kg3 Ke5 60.Kf2 Ra1 61.Rg5+ Kf6 62.Rf5+  1-0